000 00544nam a2200181 4500
003 LK-CoMWRAF
005 20230826180801.0
008 230826b2006 |||||||| |||| 00| 0 eng d
040 _aLK-CoMWRAF
_dLK-CoMWRAF
_eLK-CoMWRAF
041 _aeng
082 _a808.06
_bSTA
100 _aStanford, Judith
245 _aResponding to literature :
_bStories, poems, plays and essays
260 _aLondon :
_bLondon : McGraw-Hill
_c2006
650 _a College readers ;
650 _aEnglish language -- Rhetoric; Report writing;
942 _n0
_cBK
999 _c3275
_d3275